| 000 | 00550nam a22001937a 4500 | ||
|---|---|---|---|
| 003 | CEME | ||
| 005 | 20210628205623.0 | ||
| 008 | 210127b xxu||||| |||| 00| 0 eng d | ||
| 020 | _a0-471-334845-7 | ||
| 040 | _c. | ||
| 082 | _a621.3821 HAY | ||
| 100 |
_aHayes, Jeremiah .F _976294 |
||
| 245 | _aModeling and analysis of telecommuncations netwoeks | ||
| 260 |
_bJOHN WILEY _c2004 |
||
| 300 | _aXX,393P | ||
| 650 |
_aTELECOMMUNICATION SYSTEMS. TELECOMMUNICATIONS NETWORKS _976295 |
||
| 700 |
_aBabu, Thimma V.J Ganesh _976296 |
||
| 942 |
_cBK _2ddc |
||
| 999 |
_c581691 _d581691 |
||